Multi-Time Royal Rumble Winners - Statistics

General Stats
  • This quiz has been taken 325 times
    178 since last reset
  • The average score is 9 of 10
Answer Stats
Years won Answer % Correct
2008, 2013 John Cena
97%
1997, 1998, 2001 Stone Cold Steve Austin
95%
2003, 2022 Brock Lesnar
93%
2023, 2024 Cody Rhodes
93%
2002, 2016 Triple H
93%
2009, 2017 Randy Orton
92%
2010, 2021 Edge
91%
1995, 1996 Shawn Michaels
91%
1990, 1991 Hulk Hogan
90%
2005, 2014 Batista
87%
No matching quizzes found
Score Distribution
Percent of People with Each Score
Percentile by Number Answered
Your Score History
You have not taken this quiz since the last reset